00630nam a2200181Ia 4500008004100000020002200041041000800063082001400071100001500085245001700100250001100117260003700128300001000165500001800175650001700193999002100210952021700231260520s2025 xx 000 0 und d a978-93-5024-669-5 aeng a574.8/POW aPowar, C B aCell Biology a3rd ed aMUMBAIbHimalaya Pub Housec2025 a782p. aCat No: 14963 aLIFE SICENCE c1221769d1221769 001040708CaPKSbPKSc2d2026-04-06eBharati Madhyavarti Sahakari Grahak Bhandar, Pune (Best Book Supplier, Kolhapur)g698.00l0o574.8/POWpPKS-25141r2026-05-20 00:00:00w2026-05-20yBKzGeneral book section